000
00296nam a22001217a 4500
008
230502b |||||||| |||| 00| 0 eng d
100
_a
Bare Act
245
_a
The Information Technology Act 2000
260
_a
Delhi
_b
Universal Pub
_c
2008
300
_a
151
546
_a
English
942
_2
ddc
_c
BK
999
_c
19958
_d
19958